|
|
|
|
| LEADER |
00931nam a22002652a 4500 |
| 001 |
000103889 |
| 003 |
CZ BrMZK |
| 005 |
20110725153053.0 |
| 007 |
ta |
| 008 |
950101s1980 xr f cze d |
| 015 |
|
|
|a cnb000161588
|
| 035 |
|
|
|a (OCoLC)85044434
|
| 040 |
|
|
|a BOA001
|b cze
|
| 100 |
1 |
|
|a Navrátil, Jiří,
|d 1939-2019
|7 jk01082760
|4 aut
|
| 245 |
1 |
0 |
|a Světla našich večerů /
|c Jiří Navrátil
|
| 260 |
|
|
|a Praha :
|b Československý spisovatel,
|c 1980
|
| 300 |
|
|
|a 204 s.
|
| 490 |
1 |
|
|a Žatva
|
| 500 |
|
|
|a Dostupné též v digitální podobě v aplikaci Kramerius
|
| 830 |
|
0 |
|a Žatva (Československý spisovatel)
|0 s
|
| 856 |
4 |
1 |
|u http://www.digitalniknihovna.cz/mzk/uuid/uuid:4463eb30-d2b5-11e4-8565-005056827e52
|y Digitalizovaný dokument
|x NDK
|
| 910 |
|
|
|a BOA001
|b 2-0828.078
|
| 990 |
|
|
|a BK
|
| 991 |
|
|
|b 201107
|
| 996 |
6 |
|
|b 2619995967
|c 2-0828.078
|l MZK
|r Sklad / do 1 hodiny
|n 0
|w 000103889
|u 000010
|a 1
|e BOA001
|j MZK50
|s P
|